Desarrollo de una interfaz humano-máquina (HMI) para la familia de instrumentos de control de energía de Cutler-Hammer
Salvato in:
| Autore principale: | |
|---|---|
| Natura: | Libro |
| Pubblicazione: |
San José, C.R
2000
|
| Soggetti: | |
| Tags: |
Aggiungi Tag
Nessun Tag, puoi essere il primo ad aggiungerne!!
|
MARC
| LEADER | 00000nam a2200000Ia 4500 | ||
|---|---|---|---|
| 001 | 4205 | ||
| 003 | 008587 | ||
| 005 | 20221231144207.0 | ||
| 008 | 140114s2000 cr a m 000 ||s d | ||
| 040 | |c cru CEDI | ||
| 100 | |a Araya Vargas, José Julián |9 8066 | ||
| 245 | |a Desarrollo de una interfaz humano-máquina (HMI) para la familia de instrumentos de control de energía de Cutler-Hammer | ||
| 260 | |c 2000 |a San José, C.R | ||
| 300 | |a vii, 72 hojas : ilustraciones | ||
| 500 | |a Proyecto de graduación (bachillerato ingeniería eléctrica)--Universidad de Costa Rica. Facultad de Ingeniería. Escuela de Ingeniería Eléctrica | ||
| 650 | |x CIRCUITOS DE INTERFAZ |x CONTROL AUTOMATICO |x INTERFASES CON EL USUARIO (SISTEMA PARA COMPUTADORA) |9 2121 | ||
| 942 | |c TFG |2 ddc | ||
| 999 | |c 18237 |d 18237 | ||
